000 nam a22 7a 4500
999 _c29839
_d29839
008 180920b xxu||||| |||| 00| 0 eng d
050 _aJF 1321 .M87 2011
100 _aNzuka Charles
245 _aFactors affecting procurement of government vehicles:
_bCase of mechanical and transport department ,ministry of roads/
260 _akenya:
_bCharles musili
_c2011
300 _axi,45p. :
_bill, ;
521 _aMasters
650 _aprocurement
942 _2lcc
_cRESEARCH
_hJF 1321 .M87 2011